Giáo trình linh kiện điện tử

Gespeichert in:
Bibliographische Detailangaben
1. Verfasser: Lưu, Thế Vinh
Format: Giáo trình
Sprache:Undetermined
Veröffentlicht: Đại học Công Nghiệp Tp. Hồ Chí Minh 2019
Schlagworte:
Tags: Tag hinzufügen
Keine Tags, Fügen Sie den ersten Tag hinzu!
Thư viện lưu trữ: Trung tâm Thư viện - Trường Đại học Công nghiệp TP. Hồ Chí Minh
LEADER 00581nam a2200157Ia 4500
001 UIH_00023
008 230809s9999 xx 000 0 und d
082 |a 621.38152 
100 |a Lưu, Thế Vinh 
245 0 |a Giáo trình linh kiện điện tử 
245 0 |c Lưu, Thế Vinh 
260 |b Đại học Công Nghiệp Tp. Hồ Chí Minh 
260 |c 2019 
650 |a Chất bán dẫn;Dụng cụ và thiết bị điện tử 
927 |a Giáo trình 
980 |a Trung tâm Thư viện - Trường Đại học Công nghiệp TP. Hồ Chí Minh